Countries According to Flag Made of Emoji - Statistics

General Stats
  • This quiz has been taken 16 times
  • The average score is 13 of 15
Answer Stats
Emojied flags Country % Correct
🟦🌞🟦 Argentina
100%
πŸŸ₯🍁πŸŸ₯ Canada
100%
🟦⬜πŸŸ₯ France
100%
⬛πŸŸ₯🟨 Germany
100%
β¬œπŸ”΄β¬œ Japan
100%
πŸŸ©πŸ¦…πŸŸ₯ Mexico
100%
⬜🟦πŸŸ₯ Russia
100%
🟩⬜🟧 Ireland
92%
⬜πŸŸ₯ Poland
92%
🟨🟦 Ukraine
92%
β¬›πŸŸ¦β¬œ Estonia
85%
πŸŸ¨πŸ‰πŸŸ§ Bhutan
77%
🟨🟩πŸŸ₯ Lithuania
62%
πŸŸ¦β¬œβ¬›β¬œπŸŸ¦ Botswana
46%
⬜🟩πŸŸ₯ Hungary
38%
No matching quizzes found
Score Distribution
Percent of People with Each Score
Percentile by Number Answered
Your Score History
You have not taken this quiz